Online Catalogue and eLibrary

Karl Poper maxwadaye viyaja vivekayak (Record no. 5306)

MARC details
000 -LEADER
fixed length control field 00424nam a2200157Ia 4500
005 - DATE AND TIME OF LATEST TRANSACTION
control field 20250703153737.0
008 - FIXED-LENGTH DATA ELEMENTS--GENERAL INFORMATION
fixed length control field 240331s9999 xx 000 0 und d
020 ## - INTERNATIONAL STANDARD BOOK NUMBER
ISBN 9559767852
082 ## - DDC Classification
Item Number - Author Mark MAL
Class No. 909
100 ## - MAIN ENTRY--PERSONAL NAME
Personal name Mallikarachchi,D
245 #0 - TITLE STATEMENT
Title Karl Poper maxwadaye viyaja vivekayak
260 ## - PUBLICATION, DISTRIBUTION, ETC.
Name of publisher, distributor, etc. Author's Statment
Date of publication, distribution, etc. 2003
300 ## - PHYSICAL DESCRIPTION
Extent (e.g. Volumes, Pages etc.) 193 p .,
500 ## - GENERAL NOTE
General note A book of Karl Popper is a false Critic of Marxism
942 ## - Koha item type (Biblio)
Koha item type Books in Stacks (Lending)
Holdings
Lost status Damaged status Collection code Home library Current library Shelving location Date acquired Full call number Accession Number Item type
    Lending WERC Library WERC Library Social Science Cupboard 03/31/2024 909.66 MAL 6345 Books in Stacks (Lending)

© WERC Library